神奇的第六感觉 (Record no. 41710)

000 -LEADER
fixed length control field 00486nam a22001937a 4500
003 - CONTROL NUMBER IDENTIFIER
control field MPLRDC
005 - DATE AND TIME OF LATEST TRANSACTION
control field 20220104143624.0
008 - FIXED-LENGTH DATA ELEMENTS--GENERAL INFORMATION
fixed length control field 210129b ||||| |||| 00| 0 eng d
020 ## - INTERNATIONAL STANDARD BOOK NUMBER
International Standard Book Number 7-5637-0243-1
082 ## - DEWEY DECIMAL CLASSIFICATION NUMBER
Classification number 296 ZJM
100 ## - MAIN ENTRY--PERSONAL NAME
Personal name 赵金铭 主编; 臧策
245 ## - TITLE STATEMENT
Title 神奇的第六感觉
Statement of responsibility, etc. 李与华 著
250 ## - EDITION STATEMENT
Edition statement 一版一刷
260 ## - PUBLICATION, DISTRIBUTION, ETC.
Place of publication, distribution, etc.
Name of publisher, distributor, etc. 旅游教育
Date of publication, distribution, etc. 1991
300 ## - PHYSICAL DESCRIPTION
Other physical details
490 ## - SERIES STATEMENT
Series statement 夜读丛书
650 ## - SUBJECT ADDED ENTRY--TOPICAL TERM
Topical term or geographic name entry element 通灵术; 心灵术
942 ## - ADDED ENTRY ELEMENTS (KOHA)
Koha item type Book
-- 296 ZJM
Holdings
Withdrawn status Lost status Source of classification or shelving scheme Damaged status Not for loan Collection code Home library Current library Shelving location Date acquired Cost, normal purchase price Total Checkouts Full call number Barcode Date last seen Date last checked out Price effective from Koha item type Public note
  Lost         Malaysian Public Library, Research and Development Centre Malaysian Public Library, Research and Development Centre   10/12/2007 1.85   296 ZJM 00041854 18/03/2021 26/09/2009 18/03/2021 Book mplrdc

© 2022. Malaysian Public Library, Research and Development Centre. All Right ReservedE-mailmplrdc@help.edu.my 

Powered by Koha